| 000 | 00524pab a2200157 454500 | ||
|---|---|---|---|
| 008 | 180718b2008 xxu||||| |||| 00| 0 eng d | ||
| 100 | _aTeelken, Christine | ||
| 245 | _aThe intricate implementation of performance measurement systems: exploring developments in professional-service organizations in the Dutch non-profit sector | ||
| 260 | _c2008 | ||
| 300 | _ap.615-35. | ||
| 362 | _aDec | ||
| 650 | _aPerformance appraisal | ||
| 773 | _aInternational Review of Administrative Sciences | ||
| 908 | _aN | ||
| 909 | _a81249 | ||
| 999 |
_c81249 _d81249 |
||